| 000 | 00861nam a22002417a 4500 | ||
|---|---|---|---|
| 003 | 0 | ||
| 005 | 20250916160423.0 | ||
| 008 | 250916b xxu||||| |||| 00| 0 eng d | ||
| 020 | _a978-1-5296-2933-0 | ||
| 050 |
_aHD 69.P75 _b.C54 2025 |
||
| 100 |
_aClegg, Stewart R., _eauthor. |
||
| 245 |
_aProject management : _bcreating sustainable value / _cStewart R. Clegg, Torgeir Skyttermoen, and Anne Live Vaagaasar. |
||
| 250 | _aSecond edition. | ||
| 260 |
_aLondon : _bSage, _c2025. |
||
| 300 |
_axix, 502 pages : _billustrations ; _c25 cm. |
||
| 504 | _aIncludes bibliographical references and index. | ||
| 650 | _aProject management. | ||
| 650 |
_aSustainable development _xManagement. |
||
| 650 |
_aIndustrial management _xEnvironmental aspects. |
||
| 700 |
_aSkyttermoen, Torgeir, _eauthor. |
||
| 700 |
_aVaagaasar, Anne Live, _eauthor. |
||
| 942 |
_2lcc _cBK |
||
| 999 |
_c367994 _d367994 |
||